The post-colonial detective (Record no. 12123)

MARC details
000 -LEADER
fixed length control field 00586 a2200217 4500
001 - CONTROL NUMBER
control field 139456
003 - CONTROL NUMBER IDENTIFIER
control field OSt
005 - DATE AND TIME OF LATEST TRANSACTION
control field 20251210162707.0
008 - FIXED-LENGTH DATA ELEMENTS--GENERAL INFORMATION
fixed length control field
020 ## - INTERNATIONAL STANDARD BOOK NUMBER
International Standard Book Number 9780333738955
082 ## - DEWEY DECIMAL CLASSIFICATION NUMBER
Classification number 809.387221
Item number C46P
245 1# - TITLE STATEMENT
Title The post-colonial detective
Statement of responsibility, etc edited by Ed Christian
260 ## - PUBLICATION, DISTRIBUTION, ETC. (IMPRINT)
Place of publication, distribution, etc New York
Name of publisher, distributor, etc Palgrave Macmillan
Date of publication, distribution, etc 2001
300 ## - PHYSICAL DESCRIPTION
Extent 209p.
546 ## - LANGUAGE NOTE
Language note english
650 ## - SUBJECT ADDED ENTRY--TOPICAL TERM
Topical term or geographic name as entry element English
653 ## - INDEX TERM--UNCONTROLLED
Uncontrolled term Postcolonialism; Developing countries; Detective and mystery stories
690 ## - LOCAL SUBJECT ADDED ENTRY--TOPICAL TERM (OCLC, RLIN)
Topical term or geographic name as entry element
700 ## - ADDED ENTRY--PERSONAL NAME
Personal name Christian, Ed, Ed.
942 ## - ADDED ENTRY ELEMENTS (KOHA)
Source of classification or shelving scheme Dewey Decimal Classification
Koha item type Books
Holdings
Withdrawn status Lost status Source of classification or shelving scheme Damaged status Not for loan Collection code Home library Current library Department Date acquired Source of acquisition Cost, normal purchase price Inventory number(Invoice/Date) Total Checkouts Full call number Barcode Date last seen Price effective from Koha item type
    Dewey Decimal Classification     General Text Book Central University Of Rajasthan Central University Of Rajasthan English 12/03/2014 Rawat Booksellers 9179.76 197/20-08-13   809.387221 C46P 15327 21/11/2024 02/09/2020 Books